LEADER 01310nam a2200289 u 4500 001 000000089193 003 CaOOAMICUS 005 20070226124606.0 008 051114s1976 gw u000 u ger u 020 $a349177571X 035 $a11068402 040 $aPUL(R)$bita 245 00$aSeelsorge ohne Priester ? :$bzur Problematik von Beratung und Psychoterapie in der Pastoral /$chrsg. von Josef Maria Reuss ; mit Beiträgen von Heribert Gauly, Paul Matussek, Heinrich Pompey, Josef Maria Reuss und Hermann Stenger. 260 $aDüsseldorf :$bPatmos,$cc1976. 300 $a127 p. ;$c21 cm 490 1 $aPatmos Paperback 504 $aComprende indicazioni bibliografiche. 650 4$aSacerdozio.$0(OLS)http://pul/subject/211 830 0$aPatmos Paperback.$0(OLS)http://pul/title/59866 850 $aPUL 852 $aPUL$W1$xDP1 Fondo Pastorale$y55$mP6 D 77$j112818$nBK-PRI$b $qFondi$B112818$CPULBib$Z2$F112818 $HPUL62945 $81 941 1 $a1 960 $aOrdine sacro$9211 960 $aOrdine sacro$9211 996 $6020$a349177571X$9(OLS)http://pul/number/117077 996 $6245$aSeelsorge ohne Priester ? :$bzur Problematik von Beratung und Psychoterapie in der Pastoral$9(OLS)http://pul/title/115198 996 $6260$aDüsseldorf :$bPatmos$9(OLS)http://pul/publisher/57810 LEADER 01290nam a2200301 a 4500 001 000000105635 003 CaOOAMICUS 005 20121213111825.0 008 070613s2005 it u000 u ita r 020 $a88-215-5326-4 040 $aPUL$bita$dLDB 082 04$a340.1 100 1 $aGarancini, Gianfranco.$0(OLS)http://pul/name/33054 245 12$aI cattolici e la costituzione :$bsegni di una storia di diritti /$cGianfranco Garancini. 260 $aCinisello Balsamo :$bSan Paolo,$c©2005. 300 $a215 p. ;$c21 cm 490 1 $aLe ragioni del diritto ;$v06 504 $aInclude riferimenti bibliografici. 650 14$aCattolicesimo e politica.$0(OLS)http://pul/subject/830 830 3$aLe ragioni del diritto ;$v06.$0(OLS)http://pul/title/98802 850 $aPUL 852 $aPUL$W1$xSL Diritto e Scienze Sociali 3$y79$m340. 1 COLL 1.6$j118382$qDDC 21$B118284$CPULBib$Z2$F118284 $H100676 $82 941 1 $a9 996 $6020$a88-215-5326-4$9(OLS)http://pul/number/134828 996 $6082$a340.1$9(OLS)http://pul/classification/476 996 $6245$aI cattolici e la costituzione :$bsegni di una storia di diritti$9(OLS)http://pul/title/132966 996 $6260$aCinisello Balsamo :$bSan Paolo$9(OLS)http://pul/publisher/54577